Central Library OPAC University of Rajshahi

Persian poets of Sind / (Record no. 21521)

MARC details
000 -LEADER
fixed length control field 00613nam a2200217 a 4500
001 - CONTROL NUMBER
control field 21521
003 - CONTROL NUMBER IDENTIFIER
rucl marc code BD-RjUL
005 - DATE AND TIME OF LATEST TRANSACTION
control field 20211209000709.0
008 - FIXED-LENGTH DATA ELEMENTS--GENERAL INFORMATION
fixed length control field 140304s1956 pk 000 0 eng d
035 ## - SYSTEM CONTROL NUMBER
System control number (BD-RjUL)21585
System control number (BD-RjUL)
040 ## - CATALOGING SOURCE
Original cataloging agency ANL
Language of cataloging eng
Transcribing agency ANL
Modifying agency SSL
-- BD-RjUL
041 ## - LANGUAGE CODE
Language code of text/sound track or separate title eng
082 04 - DEWEY DECIMAL CLASSIFICATION NUMBER
Classification number 891.551009
Author mark and year SAP 1956
100 1# - MAIN ENTRY--PERSONAL NAME
Personal name Sadarangani, H. I.
9 (RLIN) 66465
245 10 - TITLE STATEMENT
Title Persian poets of Sind /
Statement of responsibility, etc. H. I. Sadarangani
260 ## - PUBLICATION, DISTRIBUTION, ETC. (IMPRINT)
Place of publication, distribution, etc. Karachi :
Name of publisher, distributor, etc. Sindhi Adabi Board,
Date of publication, distribution, etc. 1956
300 ## - PHYSICAL DESCRIPTION
Pagination ll,319p. [26] ;
Size 22cm.
650 #0 - SUBJECT ADDED ENTRY--TOPICAL TERM
Topical term or geographic name as entry element Persian poetry
General subdivision History and criticism.
9 (RLIN) 66466
942 ## - ADDED ENTRY ELEMENTS (KOHA)
Source of classification or shelving scheme Dewey Decimal Classification
Koha item type Books
Holdings
Lost status Source of classification or shelving scheme Damaged status Not for loan Collection code Permanent Location Current Location Shelving location Date acquired Source of acquisition Cost, normal purchase price Total Checkouts Full call number Date last seen Copy number Koha item type
  Dewey Decimal Classification   Added to bundle Non-fiction Central Library, University of Rajshahi Central Library, University of Rajshahi   16/05/1958 Paper Book Co 20.00   891.551009 SAP 1956 04/03/2014 C-2 Books